| 000 | 00782cab a2200253 4500 | ||
|---|---|---|---|
| 001 | ABS57773 | ||
| 008 | 090401t1997 xxu||||| |||| 00| 0 eng d | ||
| 035 | _a(Sirsi) u81685 | ||
| 041 | _aeng | ||
| 100 | _aO`Carroll, D. | ||
| 245 | _aSecurity conscious | ||
| 260 | _c1997 | ||
| 350 | _a0 | ||
| 490 |
_aHousing _v33(8) October 1997, 38(1) |
||
| 520 | _aExplains how the Chartered Institute of Housing in Scotland has drafted a secure tenancy agreement which is devoid of jargon and formal language. | ||
| 650 | _aCIH | ||
| 650 | _aSCOTLAND | ||
| 650 | _aSECURE TENANCIES | ||
| 650 | _aTENANCY AGREEMENT | ||
| 690 | _aPROPERTY-RESIDENTIAL PROPERTY-RESIDENTIAL LANDLORD AND TENANT-RESIDENTIAL TENANCIES | ||
| 700 | _aMcKeown, A. | ||
| 942 | _n0 | ||
| 948 | _c24/10/1997 | ||
| 999 |
_c51494 _d51494 |
||